00862 2200205 4500001002100000005001500021035002000036245006200056100001700118250001700135300002800152700001600180260003100196082001200227084001800239020002200257650001700279520033300296500002700629INLIS00000000000013820240508084453 a0010-05240000601 aHudair tidak dilupakan allah /cFadila hanum, A.W. Wibowo0 aFadila hanum acetakan ke-1 a36 hlm :bilus ;c19 cm0 aA.W. Wibowo aSolo :bTiga Ananda,c2018 a297.092 a297.092 FAD h a978-602-366-428-3 4aReligi Islam aRasulullah saw. memberikan bekal kepada para sahabat yang akan berangkat membela agama islam. Para sahabat tidak mempunyai bekal sendiri. Namun sayang, Rasulullah saw lupa memberi bekal kepada hudair. meskipun begitu, hudair tetap berangkat untuk membela agama islam. lalu, apa bekal yang dimiliki hudair? Ayo, ikuti kisahnya! aseri selebritas langit